00699naa a22001457i 45000010005000000030009000050050017000140080040000310400029000711000143001002450147002437730136003909420012005269990015005389349KOSZ 00520180326141157.0180326s2015 pl ||||f |||| 00| 0 eng  aKOSZ 005/ARcKOSZ 005/AR1 aGASZTOLD, Brygida.bPolitechnika Koszalińska - Instytut Neofilologii i Komunikacji Społecznej,cZakład Filologii Angielskiejd1993 - .10aOf promises delivered and failed : cBrygida Gasztold.bpost 9/11 America through the eyes of "The reluctant fundamentalist" by Moshin Hamid /0 iW :tAd Americam : journal of American Studies. -dKraków : Księgarnia Akademicka Sp. z o. o. -g2015, 16, s. 17-28x1896-9461  2UKDcPO c9349d9349